Breve resumen del descubrimiento y destruición [sic] de las Indias / (Record no. 162930)

MARC details
000 -LEADER
campo de control de longitud fija 00957nam a2200253 i 4500
001 - NÚMERO DE CONTROL
campo de control 162930
003 - IDENTIFICADOR DE NÚMERO DE CONTROL
campo de control ES-MaACL
005 - FECHA Y HORA DE LA ÚLTIMA TRANSACCIÓN
campo de control 20250801063045.0
008 - DATOS DE LONGITUD FIJA--INFORMACIÓN GENERAL
campo de control de longitud fija 140908s1977 sp |||| | spa d
020 ## - NÚMERO INTERNACIONAL ESTÁNDAR DEL LIBRO
Número Internacional Estándar del Libro 84-7393-030-4
080 ## - NÚMERO DE LA CLASIFICACIÓN DECIMAL UNIVERSAL
Número de la Clasificación Decimal Universal 980.3"15"(093.3)
100 1# - ENTRADA PRINCIPAL--NOMBRE DE PERSONA
Nombre de persona Casas, Bartolomé de las,
Fechas asociadas al nombre 1474-1566
9 (RLIN) 140251
245 10 - MENCIÓN DEL TÍTULO
Título Breve resumen del descubrimiento y destruición [sic] de las Indias /
Mención de responsabilidad, etc. Bartolomé de las Casas o Casaus.
260 ## - PUBLICACIÓN, DISTRIBUCIÓN, ETC.
Lugar de publicación, distribución, etc. Madrid :
Nombre del editor, distribuidor, etc. Emiliano Escolar,
Fecha de publicación, distribución, etc. D. L. 1977.
300 ## - DESCRIPCIÓN FÍSICA
Extensión 291 p. ;
Dimensiones 18 cm.
490 1# - MENCIÓN DE SERIE
Mención de serie Cultura clásica
650 04 - PUNTO DE ACCESO ADICIONAL DE MATERIA--TÉRMINO DE MATERIA
Término de materia o nombre geográfico como elemento de entrada Indios de América-
Subdivisión general Trato recibido
9 (RLIN) 13674
651 #4 - PUNTO DE ACCESO ADICIONAL DE MATERIA--NOMBRE GEOGRÁFICO
Nombre geográfico América española-
Subdivisión general Historia-
Subdivisión cronológica 1492-1600 (Descubrimiento y conquista)
9 (RLIN) 7724
830 0# - PUNTO DE ACCESO ADICIONAL DE SERIE-TÍTULO UNIFORME
Título uniforme Cultura clásica
9 (RLIN) 188402
852 ## - LOCALIZACIÓN
Ubicación ES-MaACL
Número de control de estantería A-13223
itemnumber 169076
Sublocalización o colección R.150153
Ubicación en estantería Depósito 1
Signatura antigua Olim: N-6223
Donativo/Legado Donación: Arturo Bravo
903 ## - NOMBRE PERSONAL DE DONANTE
9 234203
a Bravo, Arturo
e Donante
942 ## - ELEMENTOS DE ENTRADA SECUNDARIOS (KOHA)
Fuente del sistema de clasificación o colocación Clasificación decimal universal
Tipo de ítem Koha Libro impreso
Holdings
Estatus retirado Estado de pérdida Fuente del sistema de clasificación o colocación Estado de daño No para préstamo Biblioteca de origen Biblioteca actual Ubicación en estantería Fecha de adquisición Fuente de adquisición Total de préstamos Signatura topográfica completa Código de barras Visto por última vez Precio de reemplazo Tipo de ítem Koha
    Clasificación decimal universal     Biblioteca del Ateneo de Madrid Biblioteca del Ateneo de Madrid Depósito 1 17/01/2008 Donación   A-13223 1170710 23/02/2023 23/02/2023 Libro impreso